[Event "GRE-chT 49th"]
[Site "Thessaloniki"]
[Date "2022.08.13"]
[Round "3.8"]
[White "Kouvidis, Ioannis"]
[Black "Blitsas, Orestis"]
[Result "1-0"]
[WhiteElo "2084"]
[BlackElo "1660"]
[PlyCount "75"]
[EventDate "2022.08.12"]
[EventType "team-swiss"]
[EventRounds "7"]
[EventCountry "GRE"]
[SourceTitle "CBM 209 Extra"]
[Source "ChessBase"]
[SourceDate "2022.09.30"]
[SourceVersion "1"]
[SourceVersionDate "2022.09.30"]
[SourceQuality "1"]
[WhiteTeam "OFI"]
[BlackTeam "Alexanthroepoles Ethnikos"]
[WhiteTeamCountry "GRE"]
[BlackTeamCountry "GRE"]

1. d4 d5 2. Nc3 Nf6 3. Bf4 c5 4. e3 cxd4 5. exd4 a6 6. Nf3 Nc6 7. Ne5 Bd7 8. Nxc6 Bxc6 9. Qf3 e6 10. 0-0-0 b5 11. Bd3 b4 12. Ne2 Bb5 13. Kb1 Bxd3 14. Qxd3 Ne4 15. Qe3 a5 16. Ng3 Nd6 17. Bxd6 Bxd6 18. Nh5 g6 19. Ng3 Qc7 20. Ne2 a4 21. h4 h5 22. f3 Rc8 23. Rd2 Kd7 24. g3 Rb8 25. f4 Rb6 26. Rc1 Rhb8 27. Ng1 Qb7 28. Nf3 b3 29. cxb3 axb3 30. a3 Qa6 31. Ne5+ Ke8 32. Qd3 Qa4 33. Rc3 Ra8 34. Kc1 Bxa3 35. bxa3 Qxa3+ 36. Rb2 Qa1+ 37. Qb1 Qxb1+ 38. Kxb1 1-0

[Event "GRE-chT2 48th"]
[Site "Thessaloniki"]
[Date "2021.10.09"]
[Round "6.1"]
[White "Blitsas, Orestis"]
[Black "Koutlas, Nikolaos"]
[Result "1/2-1/2"]
[WhiteElo "1633"]
[BlackElo "2337"]
[PlyCount "86"]
[EventDate "2021.10.05"]
[EventType "team-swiss"]
[EventRounds "7"]
[EventCountry "GRE"]
[SourceTitle "CBM 204 Extra"]
[Source "ChessBase"]
[SourceDate "2021.11.30"]
[SourceVersion "1"]
[SourceVersionDate "2021.11.30"]
[SourceQuality "1"]
[WhiteTeam "Alexandroupolis Ethnikos"]
[BlackTeam "Kavalas"]
[WhiteTeamCountry "GRE"]
[BlackTeamCountry "GRE"]

1. c4 e5 2. Nc3 Nc6 3. g3 f5 4. Bg2 Nf6 5. e3 d6 6. d3 Be6 7. Nge2 Be7 8. a3 a5 9. Nd5 0-0 10. Nec3 Kh8 11. Bd2 e4 12. d4 Nb8 13. Rc1 Nbd7 14. Nxe7 Qxe7 15. b3 c6 16. a4 Bf7 17. Bf1 Bh5 18. Be2 Bg4 19. h3 Bxe2 20. Nxe2 b5 21. cxb5 cxb5 22. axb5 Nd5 23. Ra1 Qd8 24. Nc3 Nb4 25. 0-0 Qg5 26. Ne2 Nd3 27. Nf4 Nxf4 28. exf4 Qd8 29. Qe1 Qb6 30. Rxa5 Qxd4 31. Bc3 Qd5 32. Qa1 Rxa5 33. Qxa5 Nc5 34. b4 Ne6 35. b6 Qd3 36. Qa1 e3 37. fxe3 Qxe3+ 38. Kh2 Qxb6 39. h4 d5 40. Qa5 Qc6 41. Re1 d4 42. b5 Qd5 43. b6 Qc6 1/2-1/2

[Event "GRE-chT2 48th"]
[Site "Thessaloniki"]
[Date "2021.10.05"]
[Round "1.1"]
[White "Blitsas, Orestis"]
[Black "Tsarsitalidis, Christos"]
[Result "0-1"]
[WhiteElo "1633"]
[BlackElo "1892"]
[PlyCount "94"]
[EventDate "2021.10.05"]
[EventType "team-swiss"]
[EventRounds "7"]
[EventCountry "GRE"]
[SourceTitle "CBM 204 Extra"]
[Source "ChessBase"]
[SourceDate "2021.11.30"]
[SourceVersion "1"]
[SourceVersionDate "2021.11.30"]
[SourceQuality "1"]
[WhiteTeam "Alexandroupolis Ethnikos"]
[BlackTeam "Thessaloniki ES"]
[WhiteTeamCountry "GRE"]
[BlackTeamCountry "GRE"]

1. e4 c6 2. d4 d5 3. Nd2 dxe4 4. Nxe4 Bf5 5. Ng3 Bg6 6. h4 h6 7. Nf3 Nd7 8. h5 Bh7 9. Bd3 Bxd3 10. Qxd3 e6 11. Ne4 Ngf6 12. Bd2 Be7 13. 0-0-0 Nxe4 14. Qxe4 Nf6 15. Qd3 Qd5 16. c4 Qe4 17. Qxe4 Nxe4 18. Be3 f5 19. g3 Bg5 20. Rdg1 Rd8 21. Nxg5 hxg5 22. f3 Nf6 23. Bxg5 Rxd4 24. Bxf6 gxf6 25. b3 Rg8 26. Kc2 Kf7 27. Rh2 Kg7 28. g4 Kh6 29. Rhg2 Rf4 30. Rg3 fxg4 31. fxg4 f5 32. g5+ Kxh5 33. Re3 Rxg5 34. Rxg5+ Kxg5 35. Rxe6 Re4 36. Rd6 a5 37. a4 f4 38. Rd8 f3 39. Rf8 Kg4 40. Rg8+ Kf4 41. Kd2 Re2+ 42. Kd3 Re5 43. Kd2 f2 44. Rf8+ Rf5 45. Rxf5+ Kxf5 46. Ke2 Ke4 47. Kxf2 Kd4 0-1

[Event "GRE-ch U16"]
[Site "Patras"]
[Date "2019.06.26"]
[Round "3.14"]
[White "Sahinidis, Konstantinos"]
[Black "Blitsas, Orestis"]
[Result "1-0"]
[WhiteElo "1593"]
[BlackElo "1571"]
[PlyCount "165"]
[EventDate "2019.06.25"]
[EventType "swiss"]
[EventRounds "9"]
[EventCountry "GRE"]
[SourceTitle "EXT 2020"]
[Source "ChessBase"]
[SourceDate "2019.10.17"]
[SourceVersion "1"]
[SourceVersionDate "2019.10.17"]
[SourceQuality "1"]
[WhiteTeam "Greece"]
[BlackTeam "Greece"]
[WhiteTeamCountry "GRE"]
[BlackTeamCountry "GRE"]

1. d4 d5 2. c4 c6 3. cxd5 cxd5 4. Bf4 Nc6 5. e3 Nf6 6. Nc3 Bf5 7. Qb3 Na5 8. Qa4+ Bd7 9. Qc2 e6 10. Bd3 Rc8 11. Nf3 Be7 12. 0-0 Nc6 13. Qe2 Nh5 14. Be5 f6 15. Ng5 g6 16. Nxh7 Kf7 17. Bxf6 Bxf6 18. Nxf6 Nxf6 19. Qf3 Kg7 20. a3 a6 21. Qg3 Be8 22. Ne2 Nh5 23. Qg4 Bf7 24. b4 Qd6 25. f4 Ne7 26. Qf3 Nf6 27. h3 Nd7 28. g4 Rcf8 29. Rf2 b5 30. Qg3 Rh6 31. Rh2 Rg8 32. Qf2 Kf8 33. Kh1 Ke8 34. Ng3 Kd8 35. Rc1 Rgh8 36. Bf1 Rh4 37. Bg2 R4h7 38. e4 Qb6 39. e5 Nc6 40. Ne2 Ke7 41. Bf1 Qb7 42. Qe3 Rg8 43. Kg1 Nb6 44. Ng3 Nc4 45. Bxc4 bxc4 46. Qc3 Qb6 47. Ne2 Rb8 48. Rb1 Rhh8 49. Kf2 Na5 50. Ng3 Nb3 51. Ne2 a5 52. bxa5 Qxa5 53. Rxb3 Qxc3 54. Rxc3 Rb2 55. Rh1 Rhb8 56. Rhc1 Ra2 57. R1c2 Ra1 58. Nc1 Kd7 59. Ke2 Ra8 60. Ra2 Rb1 61. Kd2 Be8 62. Rcc2 Rab8 63. a4 Kc7 64. a5 Kb7 65. Rcb2+ Ka6 66. Rxb8 Rxb8 67. Kc2 Rb7 68. Rb2 Bb5 69. Na2 Kxa5 70. Nc3 Bc6 71. Rxb7 Bxb7 72. h4 Bc6 73. Ne2 Kb4 74. h5 gxh5 75. gxh5 Be8 76. h6 Bg6+ 77. Kc1 c3 78. Ng3 Kc4 79. f5 exf5 80. e6 f4 81. Nf1 Kxd4 82. e7 Ke5 83. h7 1-0

[Event "Miercurea Ciuc Bancpost op 21th"]
[Site "Miercurea Ciuc"]
[Date "2018.08.21"]
[Round "5"]
[White "Blitsas, Orestis"]
[Black "Vilcu, Matei Stefan"]
[Result "1/2-1/2"]
[WhiteElo "1553"]
[BlackElo "1925"]
[PlyCount "126"]
[EventDate "2018.08.17"]
[EventType "swiss"]
[EventRounds "7"]
[EventCountry "ROU"]
[SourceTitle "CBM 189 Extra"]
[Source "ChessBase"]
[SourceDate "2019.06.03"]
[SourceVersion "1"]
[SourceVersionDate "2019.06.03"]
[SourceQuality "1"]

1. c4 f5 2. Nc3 Nf6 3. g3 g6 4. Bg2 Bg7 5. d4 d6 6. e3 0-0 7. Nge2 c6 8. 0-0 Qc7 9. b3 a5 10. Bb2 Na6 11. Rc1 Re8 12. a3 e5 13. Qc2 Be6 14. Rfe1 Nh5 15. Kh1 f4 16. dxe5 dxe5 17. exf4 exf4 18. Ne4 Rad8 19. Bxg7 Qxg7 20. Rcd1 Bf5 21. Rxd8 Rxd8 22. Rd1 Qe7 23. Rxd8+ Qxd8 24. Bf3 Nc5 25. g4 Nxe4 26. gxf5 Qd1+ 27. Qxd1 Nxf2+ 28. Kg1 Nxd1 29. Bxh5 gxh5 30. Nxf4 Ne3 31. Ne6 Nxf5 32. Nd8 Nd6 33. c5 Nb5 34. Nxb7 a4 35. bxa4 Nxa3 36. Nd8 Kf8 37. Nxc6 Ke8 38. Kg2 Kd7 39. Nb4 Nc4 40. Kh3 Ne5 41. Kg3 h6 42. c6+ Kd6 43. a5 Kc7 44. h3 Nc4 45. a6 Kb6 46. Kh4 Nd6 47. Kxh5 Nc8 48. Kxh6 Kb5 49. Nd3 Kxc6 50. h4 Kb5 51. Kg7 Kxa6 52. h5 Ne7 53. Ne5 Kb6 54. Nf7 Kc6 55. Nh8 Kd7 56. Ng6 Nf5+ 57. Kf6 Nh6 58. Ne5+ Ke8 59. Kg6 Ng8 60. Nc4 Kf8 61. Ne3 Ne7+ 62. Kg5 Kg7 63. h6+ Kh7 1/2-1/2

[Event "GRE-chT 46th"]
[Site "Rio Achaia"]
[Date "2018.07.10"]
[Round "1.4"]
[White "Blitsas, Orestis"]
[Black "Patrelakis, Evaggelos"]
[Result "0-1"]
[WhiteElo "1584"]
[BlackElo "2285"]
[PlyCount "86"]
[EventDate "2018.07.10"]
[EventType "team"]
[EventRounds "7"]
[EventCountry "GRE"]
[SourceTitle "CBM 185 Extra"]
[Source "ChessBase"]
[SourceDate "2018.07.29"]
[SourceVersion "1"]
[SourceVersionDate "2018.07.29"]
[SourceQuality "1"]
[WhiteTeam "Alexandropulis Mas National"]
[BlackTeam "Chania"]
[WhiteTeamCountry "GRE"]
[BlackTeamCountry "GRE"]

1. e4 c5 2. Nf3 d6 3. Bb5+ Nd7 4. c3 a6 5. Bd3 Ngf6 6. Bc2 b5 7. d4 cxd4 8. cxd4 Qc7 9. 0-0 Bb7 10. Nbd2 g6 11. Re1 e5 12. d5 Bg7 13. Nf1 Rc8 14. Re2 0-0 15. Ng3 a5 16. h3 Nc5 17. Be3 Ba6 18. Rc1 b4 19. Re1 Qb7 20. Bb1 Qb5 21. Qd2 Nd3 22. Rxc8 Rxc8 23. Rd1 Nc5 24. Rc1 a4 25. Nh4 Ne8 26. Nf3 Rc7 27. Nh2 a3 28. b3 Nd7 29. f3 Rxc1+ 30. Qxc1 Nc5 31. Ng4 h5 32. Nf2 h4 33. Nf1 Nc7 34. Bxc5 Qxc5 35. Qxc5 dxc5 36. Nd3 Bf8 37. Nxe5 Bxf1 38. Kxf1 Nb5 39. Nc4 Nc3 40. d6 Nxb1 41. d7 Be7 42. Ne5 Nc3 43. Nc6 Kf8 0-1

[Event "GRE-ch U16"]
[Site "Rio Achaia"]
[Date "2018.07.03"]
[Round "1"]
[White "Blitsas, Orestis"]
[Black "Marinakis, Hristos"]
[Result "0-1"]
[WhiteElo "1584"]
[BlackElo "1942"]
[PlyCount "52"]
[EventDate "2018.07.03"]
[EventType "swiss"]
[EventRounds "9"]
[EventCountry "GRE"]
[SourceTitle "EXT 2019"]
[Source "ChessBase"]
[SourceDate "2018.10.10"]
[SourceVersion "1"]
[SourceVersionDate "2018.10.10"]
[SourceQuality "1"]

1. e4 e5 2. Nf3 Nc6 3. Bb5 a6 4. Ba4 Nf6 5. d3 d6 6. c3 Be7 7. Nbd2 b5 8. Bc2 0-0 9. 0-0 Re8 10. Re1 Bf8 11. Nf1 g6 12. a4 Bb7 13. Ng3 Bg7 14. h3 Qd7 15. Be3 Rad8 16. Qc1 d5 17. Bg5 Ra8 18. axb5 axb5 19. Rxa8 Bxa8 20. Bxf6 Bxf6 21. exd5 Qxd5 22. d4 Qd8 23. Ne4 Bg7 24. dxe5 Nxe5 25. Nxe5 Bxe5 26. Ng3 Kg7 0-1

[Event "Agios Ioannis Pelion op 1st"]
[Site "Agios Ioannis"]
[Date "2018.06.17"]
[Round "3"]
[White "Blitsas, Orestis"]
[Black "Lagaras, Stylianos"]
[Result "0-1"]
[WhiteElo "1590"]
[BlackElo "1937"]
[PlyCount "88"]
[EventDate "2018.06.16"]
[EventType "swiss"]
[EventRounds "9"]
[EventCountry "GRE"]
[SourceTitle "CBM 185 Extra"]
[Source "ChessBase"]
[SourceDate "2018.07.29"]
[SourceVersion "1"]
[SourceVersionDate "2018.07.29"]
[SourceQuality "1"]

1. e4 c5 2. Nf3 d6 3. Bb5+ Nd7 4. 0-0 a6 5. Bxd7+ Bxd7 6. c3 Nf6 7. Re1 c4 8. d4 cxd3 9. Qxd3 g6 10. e5 dxe5 11. Nxe5 Bf5 12. Qc4 Be6 13. Qe2 Bg7 14. Bg5 0-0 15. Na3 Qc7 16. Nc2 b5 17. Bxf6 exf6 18. Nf3 Rfd8 19. Nfd4 Bd5 20. Ne3 Bb7 21. Qg4 f5 22. Nexf5 Bc8 23. Qg3 Qxg3 24. Nxg3 Bxd4 25. cxd4 Rxd4 26. Rad1 Rxd1 27. Rxd1 Be6 28. a3 Rc8 29. f3 Rc2 30. Rd6 a5 31. Ra6 a4 32. Ne4 Rxb2 33. g4 Kf8 34. Ra7 Rb3 35. Nf6 Rxa3 36. g5 Rxf3 37. Nxh7+ Kg7 38. Nf6 Rxf6 39. gxf6+ Kxf6 40. Ra6 Ke5 41. Rb6 Bc4 42. Kf2 Kd4 43. Ke1 Kc3 44. Kd1 Kb2 0-1

[Event "GRE-ch Schools Gymnasia-C 30th"]
[Site "Peristeri"]
[Date "2018.04.01"]
[Round "3"]
[White "Alexakis, Dimitris"]
[Black "Blitsas, Orestis"]
[Result "1-0"]
[WhiteElo "2290"]
[BlackElo "1628"]
[PlyCount "33"]
[EventDate "2018.04.01"]
[EventType "swiss (rapid)"]
[EventRounds "9"]
[EventCountry "GRE"]
[SourceTitle "EXT 2019"]
[Source "ChessBase"]
[SourceDate "2018.10.10"]
[SourceVersion "1"]
[SourceVersionDate "2018.10.10"]
[SourceQuality "1"]

1. e4 e6 2. d4 d5 3. Nc3 dxe4 4. Nxe4 Nd7 5. Nf3 Ngf6 6. Bg5 Be7 7. Bxf6 Nxf6 8. Bd3 Bd7 9. Ne5 c5 10. dxc5 Bxc5 11. 0-0 Rc8 12. Ng5 0-0 13. Nxh7 Nxh7 14. Nxd7 Re8 15. Bxh7+ Kxh7 16. Qh5+ Kg8 17. Nxc5 1-0

[Event "GRE-chT 45th"]
[Site "Achaia"]
[Date "2017.07.07"]
[Round "6.5"]
[White "Blitsas, Orestis"]
[Black "Vlachos, Anatole"]
[Result "0-1"]
[WhiteElo "1635"]
[BlackElo "2075"]
[PlyCount "56"]
[EventDate "2017.07.03"]
[EventType "team-swiss"]
[EventRounds "7"]
[EventCountry "GRE"]
[SourceTitle "CBM 179 Extra"]
[Source "ChessBase"]
[SourceDate "2017.08.23"]
[SourceVersion "1"]
[SourceVersionDate "2017.08.23"]
[SourceQuality "1"]
[WhiteTeam "Alexandroupolis Ethnikos"]
[BlackTeam "Thessaloniki HS"]
[WhiteTeamCountry "GRE"]
[BlackTeamCountry "GRE"]

1. e4 c5 2. c4 Nc6 3. Ne2 g6 4. Nbc3 Bg7 5. d3 d6 6. h3 a6 7. g3 b5 8. Bg2 b4 9. Nd5 e6 10. Ne3 Nge7 11. 0-0 0-0 12. f4 f5 13. g4 Ra7 14. Ng3 Nd4 15. Nc2 Nxc2 16. Qxc2 Bd4+ 17. Kh1 fxg4 18. hxg4 Nf5 19. gxf5 Qh4+ 20. Bh3 Qxg3 21. Qg2 Qxg2+ 22. Kxg2 exf5 23. Rb1 Re7 24. Re1 Bb7 25. Kg3 fxe4 26. dxe4 Bxe4 27. Bg2 Rfe8 28. Bxe4 Rxe4 0-1

[Event "GRE-ch U14"]
[Site "Achaia"]
[Date "2017.07.02"]
[Round "9"]
[White "Topalidis, Ioannis D"]
[Black "Blitsas, Orestis"]
[Result "1-0"]
[WhiteElo "1359"]
[BlackElo "1635"]
[PlyCount "61"]
[EventDate "2017.06.26"]
[EventType "swiss"]
[EventRounds "9"]
[EventCountry "GRE"]
[SourceTitle "EXT 2018"]
[Source "ChessBase"]
[SourceDate "2017.10.13"]
[SourceVersion "1"]
[SourceVersionDate "2017.10.13"]
[SourceQuality "1"]

1. e4 c5 2. Nc3 e6 3. g3 Nc6 4. Bg2 g6 5. d3 Bg7 6. f4 Nge7 7. Nf3 d6 8. 0-0 0-0 9. Ne2 d5 10. c3 b6 11. h3 Bb7 12. g4 f5 13. Ng3 Qc7 14. e5 d4 15. c4 h6 16. g5 hxg5 17. Nxg5 Qd7 18. h4 Bh6 19. Nh3 Rf7 20. Bf3 Rg7 21. Kh2 Kf7 22. Qe2 Ke8 23. Bd2 Kd8 24. h5 Kc7 25. hxg6 Rxg6 26. Nh5 Ng8 27. Rg1 Nce7 28. Rxg6 Nxg6 29. Bxb7 Kxb7 30. Qg2+ Qc6 31. Qxg6 1-0

[Event "GRE-ch U14"]
[Site "Achaia"]
[Date "2017.07.01"]
[Round "8"]
[White "Blitsas, Orestis"]
[Black "Marinakis, Hristos"]
[Result "0-1"]
[WhiteElo "1635"]
[BlackElo "1842"]
[PlyCount "50"]
[EventDate "2017.06.26"]
[EventType "swiss"]
[EventRounds "9"]
[EventCountry "GRE"]
[SourceTitle "EXT 2018"]
[Source "ChessBase"]
[SourceDate "2017.10.13"]
[SourceVersion "1"]
[SourceVersionDate "2017.10.13"]
[SourceQuality "1"]

1. e4 e5 2. Nf3 Nc6 3. Bc4 Bc5 4. c3 Nf6 5. d3 a6 6. Bb3 h6 7. Nbd2 0-0 8. h3 d5 9. Qe2 dxe4 10. dxe4 Qe7 11. Nf1 Nh5 12. N3h2 Nf4 13. Qf3 Qf6 14. Bc2 Rd8 15. Be3 Bxe3 16. Nxe3 Be6 17. Neg4 Qg5 18. Nf1 Rd7 19. Nfe3 h5 20. Nh2 Rad8 21. Nhf1 Na5 22. b3 Nd3+ 23. Ke2 Nf4+ 24. Ke1 Qe7 25. g3 Qc5 0-1

[Event "GRE-ch U14"]
[Site "Achaia"]
[Date "2017.06.27"]
[Round "2"]
[White "Blitsas, Orestis"]
[Black "Alexakis, Dimitris"]
[Result "0-1"]
[WhiteElo "1635"]
[BlackElo "2044"]
[PlyCount "26"]
[EventDate "2017.06.26"]
[EventType "swiss"]
[EventRounds "9"]
[EventCountry "GRE"]
[SourceTitle "EXT 2018"]
[Source "ChessBase"]
[SourceDate "2017.10.13"]
[SourceVersion "1"]
[SourceVersionDate "2017.10.13"]
[SourceQuality "1"]

1. c4 e5 2. Nc3 Nf6 3. d3 c6 4. g3 d5 5. b3 Be6 6. Bg2 Nbd7 7. e3 Bb4 8. Bd2 Nc5 9. Qc2 Bf5 10. e4 dxe4 11. Nxe4 Bxd2+ 12. Nxd2 Nxd3+ 13. Kf1 Qd4 0-1

[Event "GRE-chT 44th"]
[Site "Achaia"]
[Date "2016.07.09"]
[Round "6.9"]
[White "Fidrilakis, Stavros"]
[Black "Blitsas, Orestis"]
[Result "1-0"]
[WhiteElo "1919"]
[BlackElo "1433"]
[PlyCount "97"]
[EventDate "2016.07.05"]
[EventType "team-swiss"]
[EventRounds "7"]
[EventCountry "GRE"]
[SourceTitle "CBM 173 Extra"]
[Source "ChessBase"]
[SourceDate "2016.08.29"]
[SourceVersion "1"]
[SourceVersionDate "2016.08.29"]
[SourceQuality "1"]
[WhiteTeam "Chania Kaissa"]
[BlackTeam "Alexandroupolis Ethnikos"]
[WhiteTeamCountry "GRE"]
[BlackTeamCountry "GRE"]

1. d4 d5 2. Nf3 Nf6 3. c4 c6 4. g3 Bf5 5. Bg2 e6 6. 0-0 Be7 7. b3 0-0 8. Nc3 Nbd7 9. Bb2 Ne4 10. Nd2 Nxc3 11. Bxc3 Nf6 12. f3 Bg6 13. e4 Re8 14. Kh1 Rc8 15. e5 Nd7 16. f4 f5 17. exf6 Nxf6 18. Re1 Bd6 19. Qf3 Ne4 20. Nxe4 Bxe4 21. Qf2 Bxg2+ 22. Qxg2 Qf6 23. Bb2 Re7 24. Re2 Rce8 25. Rf1 Qg6 26. f5 exf5 27. Rxe7 Rxe7 28. cxd5 cxd5 29. Qxd5+ Kh8 30. Qxf5 Qxf5 31. Rxf5 Kg8 32. Kg2 g6 33. Rf2 Rf7 34. Rc2 Kg7 35. Re2 a6 36. Re6 Bc7 37. d5+ Kf8 38. Ba3+ Kg7 39. Be7 h6 40. b4 g5 41. d6 Bb6 42. d7 Rf2+ 43. Kg1 Rd2+ 44. Rxb6 Rxd7 45. Bd6 h5 46. Kf2 g4 47. Ke3 Kf6 48. Kf4 Rf7 49. Bf8# 1-0

[Event "GRE-chT 44th"]
[Site "Achaia"]
[Date "2016.07.07"]
[Round "4.14"]
[White "Blitsas, Orestis"]
[Black "Salakas, Fotios"]
[Result "1/2-1/2"]
[WhiteElo "1433"]
[BlackElo "1683"]
[PlyCount "76"]
[EventDate "2016.07.05"]
[EventType "team-swiss"]
[EventRounds "7"]
[EventCountry "GRE"]
[SourceTitle "CBM 173 Extra"]
[Source "ChessBase"]
[SourceDate "2016.08.29"]
[SourceVersion "1"]
[SourceVersionDate "2016.08.29"]
[SourceQuality "1"]
[WhiteTeam "Alexandroupolis Ethnikos"]
[BlackTeam "Filiatron CN"]
[WhiteTeamCountry "GRE"]
[BlackTeamCountry "GRE"]

1. e4 c5 2. Nf3 e6 3. d4 cxd4 4. Nxd4 Nc6 5. Nc3 Qc7 6. Be2 a6 7. 0-0 Nf6 8. Be3 Bb4 9. Na4 Rb8 10. Nxc6 bxc6 11. Bf3 d5 12. exd5 cxd5 13. c3 Bd6 14. g3 0-0 15. b4 Nd7 16. Bg2 Bb7 17. Rc1 Bc6 18. Re1 Ne5 19. Nc5 Bb5 20. Bf1 Nc4 21. Bxc4 Bxc4 22. a3 Rbc8 23. f4 Rfd8 24. Qg4 Bxc5 25. Bxc5 Bd3 26. Bd4 f5 27. Qf3 Be4 28. Qe2 Qc4 29. Qxc4 dxc4 30. Kf2 Kf7 31. Ke3 Bd3 32. Rcd1 Rd7 33. Rd2 Rg8 34. h4 Rb7 35. Ra1 a5 36. Rda2 Ra8 37. Kd2 Kg6 38. Ke3 Kf7 1/2-1/2

[Event "EU School-ch U13"]
[Site "Kallithea"]
[Date "2016.06.17"]
[Round "1"]
[White "Blitsas, Orestis"]
[Black "Escartin Lacasa, Jose"]
[Result "1/2-1/2"]
[WhiteElo "1433"]
[BlackElo "1859"]
[PlyCount "152"]
[EventDate "2016.06.17"]
[EventType "swiss"]
[EventRounds "9"]
[EventCountry "GRE"]
[SourceTitle "EXT 2017"]
[Source "ChessBase"]
[SourceDate "2016.10.25"]
[SourceVersion "1"]
[SourceVersionDate "2016.10.25"]
[SourceQuality "1"]

1. c4 c6 2. g3 d5 3. cxd5 cxd5 4. d4 Nf6 5. Bg2 Nc6 6. Nc3 e6 7. Nf3 Be7 8. e3 0-0 9. 0-0 b6 10. a3 Bb7 11. b3 Rc8 12. Bb2 Qd6 13. Rc1 Rfd8 14. Re1 Qb8 15. Qe2 Qa8 16. Nd2 Rd7 17. Qd3 a5 18. Qb1 Qa6 19. Bf1 Qa8 20. Nb5 Ba6 21. Rc2 Qb7 22. Rec1 Bxb5 23. Bxb5 Rdc7 24. Bxc6 Rxc6 25. Rxc6 Rxc6 26. Rxc6 Qxc6 27. Qc1 Qxc1+ 28. Bxc1 Kf8 29. Kf1 Ke8 30. Ke2 Kd7 31. h3 Kc6 32. Kd3 Bd6 33. e4 Nxe4 34. Nxe4 dxe4+ 35. Kxe4 f5+ 36. Kd3 Kd5 37. a4 h6 38. g4 fxg4 39. hxg4 Bh2 40. g5 h5 41. g6 h4 42. Bh6 Bd6 43. Bxg7 h3 44. Be5 Bxe5 45. dxe5 h2 46. g7 h1Q 47. g8Q Qf3+ 48. Kc2 Qxf2+ 49. Kc3 Qd4+ 50. Kc2 Qxe5 51. Qd8+ Qd6 52. Qg5+ e5 53. Qg8+ Qe6 54. Qg2+ e4 55. Qd2+ Kc6 56. Qe3 Qe5 57. Qh6+ Kc5 58. Qf8+ Qd6 59. Qf5+ Qd5 60. Qf8+ Qd6 61. Qf5+ Kd4 62. Qf2+ Kd5 63. Qf5+ Kd4 64. Qf2+ e3 65. Qh4+ Kd5 66. Kd3 Qe5 67. Qd8+ Kc5 68. Qf8+ Kc6 69. Qc8+ Kd5 70. Qd7+ Qd6 71. Qxd6+ Kxd6 72. Kxe3 Kc5 73. Kd3 Kb4 74. Kc2 Ka3 75. Kc3 Ka2 76. Kc2 Ka1 1/2-1/2